00405nam a2200157Ia 4500003000400000008004100004040001600045082001300061100002100074245005100095260003000146300001000176490002400186650001500210650002200225GCL140319s9999 xx 000 0 eng d aGCL / cGCL04a843bP P1 aPREVERT, JACQUES10aLA PLUIE ET LE BEOU TEMPS / cPREVERT, JACQUES a[S.N] : bFOLIO ، c1994 a242 P aCOLLECTION FOLIOv004aLITERATURE04aFRENCH LITERATURE